ბათუმის შოთა რუსთაველის სახელმწიფო უნივერსიტეტის ბიბლიოთეკა

მსოფლიო პოლიტიკა გარდატეხის პროცესში : (ბიბ.ჩანაწერი № 38004)

000 -ლიდერი
ფიქსირებული სიგრძის საკონტროლო ველი 01389nam a2200253Ia 4500
001 - საკონტროლო ნომერი
საკონტროლო ველი 3988
003 - საკონტროლო ნომრის იდენტიფიკატორი
საკონტროლო ველი GE_BSU
005 - ბოლო ოპერაციის თარიღი და დრო
საკონტროლო ველი 20190909160027.0
008 - ფიქსირებული სიგრძის მონაცემთა ელემენტები - ზოგადი ინფორმაცია
ფიქსირებული სიგრძის საკონტროლო ველი 181216s2003||||ge |||||||||||||| ||geo||
040 ## - კატალოგიზაციის წყარო
Transcribing agency GE_BSU
041 ## - ენის კოდი
Language code of text/sound track or separate title geo
080 ## - უნივერსალური ათობითი კლასიფიკაციის ინდექსი
Universal Decimal Classification number 327 ჩ–43
100 ## - მთავარი ჩანაწერი - პიროვნების სახელი
Personal name ჩემპილი, ერნსტ-ოტო
9 (RLIN) 3933
245 ## - ცნობა სათაურის შესახებ
Title მსოფლიო პოლიტიკა გარდატეხის პროცესში :
Remainder of title საერთ. სისტემა აღმ.-დას. კონფლიქტის დასრულების შემდეგ /
Statement of responsibility, etc გერმ. თარგმნა ნინო კიღურაძემ ; სამეცნ. რედ.: ნოდარ კიკვაძე.
264 ## - წარმოების, გამოცემის, დისტრიბუციის და სხვა ცნობები
გამოცემის, წარმოების, დისტრიბუციის... ადგილი თბ. :
გამოცემის, წარმოების, დისტრიბუციის... სახელწოდება ლეგა,
გამოცემის, წარმოების, დისტრიბუციის... თარიღი 2003.
300 ## - ფიზიკური აღწერა
Extent 189 გვ. ;
Other physical details 19 სმ.
490 ## - სერიის ცნობა
Series statement სოციალურ მეცნიერებათა სერია
500 ## - ზოგადი შენიშვნა
General note შენიშვნები: გვ. 180-189.
653 ## - INDEX TERM--UNCONTROLLED
Uncontrolled term საერთაშორისო პოლიტიკა
653 ## - INDEX TERM--UNCONTROLLED
Uncontrolled term კონფლიქტების მოგვარება მშვიდობიანი გზით
700 ## - ADDED ENTRY--PERSONAL NAME
Personal name კიღურაძე, ნინო
Relator term მთარგმნელი
9 (RLIN) 1005
700 ## - ADDED ENTRY--PERSONAL NAME
Personal name კიკვაძე, ნ.
Relator term რედაქტორი
9 (RLIN) 3934
942 ## - ADDED ENTRY ELEMENTS (KOHA)
Koha item type წიგნი
Source of classification or shelving scheme
ეგზემპლარები
ჩამოწერის სტატუსი დაკარგული ეგზემპლარის სტატუსი კლასიფიკაციის წყარო ან თაროზე გაწყობის სქემა დაზიანების სტატუსი არ გაიცემა მუდმივი მდებარეობა (დაცვის ადგილი) ამჟამინდელი ადგილსამყოფელი თაროზე განთავსების ადგილი შეძენის თარიღი ღირებულება, შესყიდვის ნორმალური ფასი სრული შენახვის შიფრი შტრიხკოდი ბოლო ოპერაციის თარიღი ეგზემპლარის მიმდევრობითი ნომერი (კეტერი?) ფასის ძალაში შესვლის თარიღი ეგზემპლარის სახეობა საჯარო შენიშვნა
          ბათუმის შოთა რუსთაველის სახელმწიფო უნივერსიტეტის მთავარი ბიბლიოთეკა ბათუმის შოთა რუსთაველის სახელმწიფო უნივერსიტეტის მთავარი ბიბლიოთეკა წიგნსაცავი 2018-12-17 3.00 327 ჩ–43 5604 2018-12-17 5604 2018-12-17 წიგნი 3 ლ.